000 00855nam a2200253Ia 4500
003 OSt
005 20220927103909.0
006 a|||||r|||| 00| 0
007 ta
008 220926b |||||||| |||| 00| 0 eng d
024 _a87111
037 _cReference Collections
040 _aRTL
_cRTL
_beng
041 _2eng
_aeng
082 _a"Y:5231.1.N7, M1/UN"
110 _a"United Nations, International Economic and Social Affairs (Deptt. of-)"
245 0 _aSelected factors affecting family and fertility preferences in developing countries
260 _aNew
_bYork UN
_c1981
300 _a111p
_ccm.
650 _aFertility
_9362126
700 _a"United Nations, International Economic and Social Affairs (Deptt. of-)"
942 _h"Y:5231.1.N7, M1/UN"
_cCC
999 _c685104
_d685104